Wexford Bus Routes - Statistics

General Stats
  • This quiz has been taken 12 times
    8 since last reset
  • The average score is 7 of 12
Answer Stats
Routes Origin Destination Notes % Correct
740 Wexford (Redmond Sq.) Dublin Airport via Enniscorthy
100%
740X Wexford (Redmond Sq.) Dublin Airport
100%
740A Gorey Dublin Airport via Wicklow
83%
WX1 Wexford (Redmond Sq.) Wexford (Redmond Sq.) Drinagh Loop
83%
WX2 Wexford (Redmond Sq.) Wexford (Redmond Sq.) Clonard Loop
83%
376 Wexford (Redmond Sq.) Carlow (SETU)
67%
UM11 Gorey Maynooth University
67%
884 Wexford (Redmond Sq.) Gorey via Ballycanew
50%
340 Wexford (Redmond Sq.) Waterford (Whitfield Hospital)
33%
390 Wexford (Redmond Sq.) Kilmore Quay (Marina)
33%
877 Wexford (Redmond Sq.) Wexford (Redmond Sq.) Bridge Loop
0%
WIT08 Gorey Waterford (SETU)
0%
No matching quizzes found
Score Distribution
Percent of People with Each Score
Percentile by Number Answered
Your Score History
You have not taken this quiz since the last reset